000
00321nam a2200109Ia 4500
008
171204s9999 xx 000 0 und d
245
_a
Learning Unity Android Game Development:
245
_c
Thomas Finnegan
260
_c
2015
650
_x
2D COMPUTER ANIMATION
856
_u
http://down.ebook777.com/045/9781784394691.pdf
999
_c
346231
_d
346231